Language Quiz

Random Language or Letter Quiz

Beginnings and Ends II Quiz Stats

Quiz Updated Aug 31, 2012

Challenge
Share
Tweet
Embed
Score 0/26 Timer 06:00
0 Plays Today
Beginning Word % Correct
ememerald
82.1%
acacademy
76.1%
momonarch
72.6%
grgratify
70.7%
ququantum
61.3%
jujubilee
56.1%
obobesity
54.1%
lulunatic
52.2%
wrwrought
50.9%
kakaraoke
50.3%
fifinesse
48.6%
rarainbow
44.7%
ututensil
42.8%
Beginning Word % Correct
yeyellowy
42%
xexeroxed
39.8%
sasatchel
36.7%
bibiscuit
34.5%
trtransit
33.6%
paparasol
32.3%
ninirvana
28.5%
zezealous
25.7%
cocontour
23%
inindulge
20.4%
heheinous
19.7%
didistill
17.1%
vavampire
12.7%

You're not logged in!

Compare scores with friends on all Sporcle quizzes.
Join for Free
OR
Log In

You Might Also Like...

Show Comments

Extras

Top Quizzes Today


Score Distribution

Your Account Isn't Verified!

In order to create a playlist on Sporcle, you need to verify the email address you used during registration. Go to your Sporcle Settings to finish the process.

Report this User

Report this user for behavior that violates our Community Guidelines.

Details: